REVIEW OF TASTE DISORDERS (Record no. 18992)

MARC details
000 -LEADER
fixed length control field 00310nam a22001337a 4500
003 - CONTROL NUMBER IDENTIFIER
control field SGT
082 ## - DEWEY DECIMAL CLASSIFICATION NUMBER
Classification number 617.63
Item number R15T
100 ## - MAIN ENTRY--PERSONAL NAME
Personal name THAMMAN, SHEENA
245 ## - TITLE STATEMENT
Title REVIEW OF TASTE DISORDERS
260 ## - PUBLICATION, DISTRIBUTION, ETC. (IMPRINT)
Place of publication, distribution, etc DELHI NCR
Name of publisher, distributor, etc SGT UNIVERSITY GURUGRAM
Year of Publication 2015
300 ## - PAGE DESCRIPTION
No. of Pages 1-72
650 ## - SUBJECT ADDED ENTRY--TOPICAL TERM
Topical term or geographic name as entry element ORAL MEDICINE
942 ## - ADDED ENTRY ELEMENTS (KOHA)
Source of classification or shelving scheme Dewey Decimal Classification
Koha item type Thesis/Dissertation
Holdings
Withdrawn status Lost status Source of classification or shelving scheme Damaged status Not for loan Home library Current library Shelving location Date acquired Vendor Name SGTU Total Checkouts Full call number Accession No. (Barcode) Date last seen Bill Date Koha item type
    Dewey Decimal Classification     SGT Dental Library SGT Dental Library Reference Book 31/08/2019 PERFECT BOOK BINDING HOUSE SGTU   617.63 R15T DT467 31/08/2019 31/08/2019 Thesis/Dissertation